| 000 | 00467nam a22001577a 4500 | ||
|---|---|---|---|
| 003 | OSt | ||
| 005 | 20151106154519.0 | ||
| 008 | 151106b xxu||||| |||| 00| 0 eng d | ||
| 040 | _cRUA | ||
| 082 | _aFOR KUO 1999 B125 Or.1 | ||
| 100 |
_93463 _aKOUCH, KUNTHEAVOREAK. |
||
| 245 | _aThe evolution status of polulation and distribution of watebirds at prek toal battambang province, | ||
| 260 |
_aPhnom penh _bRUA _c1999 |
||
| 300 |
_a49p. _bill. _c29cm. |
||
| 942 |
_2ddc _cFOR |
||
| 999 |
_c3232 _d3232 |
||